000 00775nam a2200217Ia 4500
003 GCL
008 140319s9999 xx 000 0 ara d
040 _aGCL /
_cGCL
082 0 4 _aد
_b050
_bت هـ
100 1 _aتريفل، جايمس
245 1 0 _aهل نحن بلا نظير؟ ( عالم المعرفة يناير 2006 ) /
_cتريفل، جايمس
250 _aالاولى
260 _aالكويت :
_bالمجلس الوطنى للثقافة والفنون والاداب ،
_c2006
300 _a222 ص ؛
_c24 سم
490 _aعالم المعرفة
_v323
650 0 4 _aالوعى الاجتماعى
650 0 4 _aالذكاء الاصطناعى
650 0 4 _aالمقالات - مجموعات
650 0 4 _aالحاسب الالى
942 _2ddc
_cBK
999 _c29064
_d29064